| 000 | 00482cam a2200181ua 4500 | ||
|---|---|---|---|
| 041 |
_aeng _h |
||
| 082 |
_a028.72631 _bRAM/SO |
||
| 100 | _aRamanna, T R . | ||
| 245 |
_aSoil sampling and testing / _cT R Ramanna. _hTextual Documents |
||
| 250 |
_a1 / _b. |
||
| 260 |
_aChandigarh : _bTechnical Teacher Training Institute , _c1986. |
||
| 300 | _a112 ; . | ||
| 504 | _a | ||
| 700 | 1 | _aAjay Kumar, Duggal . | |
| 700 | 1 | _aKrishnamurthy, S . | |
| 942 | _cBK | ||
| 999 |
_c5530 _d5530 |
||